00344nam a2200109Ia 4500008004100000082000800041100001600049245005300065942000600118952009500124999001500219240331s9999 xx 000 0 und d bRAY aRayagaram,P 0aDeshiyam eppoladum ingum mudalalithuwa korikkeye cL 001040708LaWERCLbWERCLcSSCd2024-03-31l0o 331 RAYp4193r2024-03-31w2024-03-31yL c4590d4590